[Event "Modbury Championship"]
[Site "Modbury"]
[Date "2007.06.01"]
[Round "3.4"]
[White "Chilman, Alan"]
[Black "Sanders, Michael J"]
[Result "1-0"]
[Annotator "Fritz 10"]
[BlackElo "1236"]
[EventCountry "AUS"]
[EventDate "2007.06.02"]
[EventRounds "9"]
[EventType "swiss"]
[PlyCount "97"]
[WhiteElo "1792"]

{ E51: Nimzo-Indian: Rubinstein: 4...0-0 5 Nf3 d5 } 1. d4 d5 2. c4 e6 3. Nc3 Bb4
4. e3 Nf6 5. a3 Bxc3+ 6. bxc3 O-O 7. Nf3 Re8 ( 7... Nbd7 8. cxd5 exd5 9. c4 c6
10. cxd5 Nxd5 11. Qc2 N7f6 12. h3 Re8 13. Bd3 Nf4 14. O-O Nxd3 15. Qxd3 Be6 16.
e4 Nd7 17. Ng5 h6 18. Nxe6 Rxe6 19. Rd1 Qh4 20. e5 Nb6 21. Re1 Rd8 22. Re4 {
Hauswald,G-Hedke,M/Dresden 2001/CBM 084 ext/0-1  ( 52 )}  )8. Be2 $146 ( 8. Bd3
Nc6 9. cxd5 exd5 10. Qc2 a6 11. O-O Bg4 12. Nd2 Bh5 13. c4 Bg6 14. Bxg6 hxg6
15. Bb2 Qd7 16. Rac1 Ne7 17. cxd5 Nexd5 18. Nc4 Qf5 19. Ne5 c6 20. Rfe1 Qxc2
21. Rxc2 Rad8 22. Rb1 Ne4 { Najdorf,M-Czerniak,M/Buenos Aires 1941/HCL/1-0  (
62 )}  )8... dxc4 9. Bxc4 Nbd7 10. O-O b6 11. Re1 Bb7 12. Bd3 Be4 ( 12... e5
13. Nd2 $11 )13. Bxe4 $14 Nxe4 14. Qc2 Ndf6 15. Ne5 c5 16. f3 { Secures g4} 
16... Nd6 17. Rd1 Qc7 { Black plans c4}  18. Qf2 c4 ( 18... Nd5 $5 { is worth
consideration}  19. Bd2 f6 $11 )19. e4 $16 Rad8 $2 ( 19... Nd7 $5 $142 20. Qg3
Nxe5 21. Qxe5 Rad8 $16 )20. Bg5 $18 h6 ( 20... Nfxe4 21. Bxd8 Nxf2 22. Bxc7
Nxd1 23. Bxd6 Nxc3 24. Nxc4 Rc8 $18 )21. Bxf6 gxf6 22. Qg3+ ( 22. Ng4 $5 {
makes it even easier for White}  22... Rf8 23. Qh4 f5 24. Nxh6+ Kg7 25. Qg5+
Kh7 $18 )22... Kf8 ( 22... Kh8 23. Ng4 Rg8 24. Qf4 $18 )23. Ng4 Nb5 24. Qh4 $4
{ White threatens to win material: Qh4xf6. not a good decision, because now the
opponent is right back in the game}  ( 24. f4 $142 { and the scales tip in
favour of White}  24... Ke7 25. e5 $18 )24... Qf4 $16 25. Rdc1 ( 25. Qe1 $16
$142)25... Nxa3 $4 ( 25... Kg7 26. a4 Nd6 27. Rf1 $14 )26. Qxh6+ ( 26. g3 $142
{ finishes off the opponent}  26... Qg5 27. Qxg5 fxg5 28. Rxa3 $18 )26... Qxh6
$16 27. Nxh6 Nb5 28. Ng4 Kg7 29. Ne3 Rc8 30. Ra4 Rc7 31. Rb4 ( 31. Nxc4 $6 Rec8
32. Rb4 Rxc4 33. Rxb5 Rxd4 34. cxd4 Rxc1+ 35. Kf2 Rc2+ 36. Kg3 Rc6 $11 )31...
a6 ( 31... Nd6 32. Ra1 $16 )32. Rxc4 ( 32. g4 $5 Rc6 $18 )32... Rxc4 33. Nxc4
Nxd4 $4 { causes even greater problems}  ( 33... Rc8 $142 34. Nxb6 Rc6 $16 )34.
cxd4 $18 Rc8 35. Rc2 b5 36. Na3 ( 36. Ne3 $142 { keeps an even firmer grip} 
36... Rd8 37. d5 a5 $18 )36... Rxc2 ( 36... Rb8 { does not help much}  37. Rc5
$18 )37. Nxc2 a5 38. Kf2 b4 39. Ke2 f5 ( 39... b3 { doesn't do any good}  40.
Na3 $18 )40. exf5 exf5 ( 40... b3 { does not solve anything}  41. fxe6 fxe6 42.
Kd3 $18 )41. Kd3 Kg6 ( 41... b3 { cannot change destiny}  42. Ne3 $18 )42. Kc4
Kf6 43. Kb3 f4 ( 43... Ke6 { does not save the day}  44. Nxb4 $1 { a
devastating blow}  44... Ke7 45. Ka4 axb4 46. Kxb4 $18 )44. Ka4 Ke6 45. Kxa5 (
45. h4 $18 $142 { secures the win} )45... b3 46. Na3 Kd5 47. Kb4 b2 ( 47...
Kxd4 { a last effort to resist the inevitable}  48. Nb5+ Ke5 $18 )48. Kc3 f6
49. Nb1  1-0

[Event "Modbury Championship"]
[Site "Modbury"]
[Date "2007.06.01"]
[Round "3.6"]
[White "Watters, Daniel"]
[Black "Hill, Victor"]
[Result "1-0"]
[Annotator "Fritz 10"]
[BlackElo "1216"]
[EventCountry "AUS"]
[EventDate "2007.06.02"]
[EventRounds "9"]
[EventType "swiss"]
[PlyCount "45"]
[WhiteElo "1340"]

{ D00: 1 d4 d5: Unusual lines } 1. d4 d5 2. g3 Bf5 3. Bg2 e6 4. f3 ( 4. c4 Nc6 (
4... Bb4+ 5. Bd2 Bxd2+ 6. Nxd2 Nf6 7. Ngf3 c6 8. O-O O-O 9. Qb3 Qb6 10. Qa3 h6
11. e3 Qa6 12. Qb3 Nbd7 13. Rac1 Qb6 14. Qc3 a5 15. b3 Rfc8 16. Rfe1 Qb4 17.
Qb2 Qf8 18. Ne5 Nxe5 19. dxe5 { Baeumler,N-Stojadinovic,T  ( 1967 ) /Bad
Zwesten 2006/CBM 110 ext/0-1  ( 60 )}  )5. Nc3 Bb4 6. cxd5 exd5 7. Nf3 Nf6 8.
O-O O-O 9. Bg5 Bxc3 10. bxc3 Re8 11. Nd2 Re6 12. h3 Qd7 13. Bxf6 Rxf6 14. g4
Be6 15. f4 Qe7 16. f5 Bd7 17. e4 Na5 18. e5 Rh6 { Segura Ariza,J  ( 2263 )
-Pons Boscana,G/Mallorca 2000/CBM 079 ext/1-0  ( 34 )}  )4... Nd7 $146 ( 4...
Nf6 5. Nh3 c5 6. c3 Nc6 7. e3 cxd4 8. exd4 Bd6 9. O-O Qc7 10. Nf2 h5 11. f4
O-O-O 12. h4 { 1/2-1/2 Szwarc,K-Kriesch,A/Giessen 1993/GER}  )( 4... Nf6 $5
$15)5. e4 $11 dxe4 6. fxe4 Bg6 7. Ne2 e5 8. O-O Ngf6 { Black threatens to win
material: Nf6xe4}  9. Bg5 Be7 10. Nbc3 c6 { Secures b5+d5}  11. Kh1 O-O 12. d5
{ White gains space}  ( 12. dxe5 Nxe5 13. Nf4 Qb6 $15 )12... Nxe4 ( 12... Nxd5
$5 13. exd5 Bxg5 $17 )13. Bxe7 $15 Qxe7 $4 { letting the wind out of his own
sails}  ( 13... Nxc3 $142 { was much better}  14. Bxd8 Nxd1 $15 )14. Nxe4 $18
f5 ( 14... Rad8 15. c4 $18 )15. dxc6 fxe4 $2 ( 15... bxc6 16. Qd6 Rae8 $18 )16.
Qxd7 Qxd7 17. cxd7 Rxf1+ ( 17... Bf5 { is not the saving move}  18. Rad1 Rad8
19. Nc3 Rxd7 20. Rxd7 Bxd7 21. Rxf8+ Kxf8 22. Bxe4 $18 )18. Rxf1 Rd8 ( 18...
Bf7 { does not improve anything}  19. Bh3 Bc4 20. Rd1 $18 )19. Bh3 e3 ( 19...
Bf7 { cannot change what is in store for ?}  20. Nc3 h5 21. Kg2 $18 )20. Be6+
Kh8 21. Kg1 Bxc2 ( 21... Bh5 { what else?}  22. g4 Bg6 $18 )22. Rc1 Rxd7 23.
Bxd7  1-0

[Event "Modbury Championship"]
[Site "Modbury"]
[Date "2007.06.30"]
[Round "4.1"]
[White "Jelic, Mato"]
[Black "Anderson-Smith, William"]
[Result "1-0"]
[Annotator "Fritz 10"]
[BlackElo "1629"]
[EventCountry "AUS"]
[EventDate "2007.06.02"]
[EventRounds "9"]
[EventType "swiss"]
[PlyCount "89"]
[WhiteElo "1707"]

{ B38: Sicilian: Maroczy Bind with 5...Bg7 and 7...0-0 } 1. d4 Nf6 2. c4 c5 3.
Nf3 g6 4. Nc3 cxd4 5. Nxd4 Nc6 6. e4 d6 7. Be2 Bg7 8. Be3 O-O 9. O-O a6 10. f3
Bd7 11. Qd2 Rb8 12. Nd5 $146 ( 12. Rfe1 b5 13. cxb5 Nxd4 14. Bxd4 axb5 15. b4
Rb7 16. a4 bxa4 17. b5 Ne8 18. Rxa4 Nc7 19. Bxg7 Kxg7 20. Ra7 Qb8 21. Rea1 f6
22. Qe3 Ne6 23. Rxb7 Qxb7 24. Ra7 Qc8 25. Nd5 Qd8 26. b6 Nc5 { Galliamova,A  (
2365 ) -Arakhamia Grant,K  ( 2385 ) /Azov 1990/TD/1-0  ( 38 )}  )( 12. Nxc6
Bxc6 13. b4 b6 14. Rfd1 Nd7 15. Rac1 a5 16. a3 axb4 17. axb4 Ra8 18. Bg5 Re8
19. Nd5 Ba4 20. Re1 Bc6 21. f4 Bxd5 22. cxd5 b5 23. Rc6 Qb8 24. Bh4 Ra3 25. Bf2
Rb3 26. Rec1 h5 { Ftacnik,L  ( 2611 ) -Anastasian,A  ( 2561 ) /Istanbul
2003/CBM 096/1/2-1/2  ( 81 )}  )( 12. a4 Ne8 ( 12... a5 13. Nb3 b6 14. Rfd1 Nb4
15. g4 Bc6 16. Nd4 Ba8 17. g5 Nd7 18. Nd5 e5 19. Nb5 Bxd5 20. cxd5 Nc5 21. Ra3
Qe7 22. Rc3 f5 23. gxf6 Bxf6 24. Kh1 Bh4 25. Rg1 Rb7 26. b3 Bf6 27. Bg5 {
Kamuhangire,S  ( 2255 ) -Fernandez,A  ( 2345 ) /Novi Sad 1990/TD/1/2-1/2  ( 58
)}  )13. Nb3 Be6 14. Nd5 b6 15. Rfd1 Nf6 16. Nd4 Nxd4 17. Bxd4 Bxd5 18. cxd5
Qc8 19. Rdc1 Qb7 20. Rc6 Nd7 21. Bxg7 Kxg7 22. Qc3+ Nf6 23. Rc7 Qa8 24. Rxe7
Rb7 25. Rxb7 Qxb7 26. Rc1 b5 { Cvetkovic,S  ( 2423 ) -Milanko,N  ( 2066 )
/Belgrade 2005/CBM 107 ext/1-0  ( 54 )}  )( 12. Rfc1 Ne8 13. Nxc6 Bxc6 14. b4
b5 15. cxb5 axb5 16. Rab1 e6 17. Kh1 Qd7 18. a4 bxa4 19. b5 Bb7 20. Nxa4 Qe7
21. Bg5 f6 22. Bh4 g5 23. Bg3 h5 24. h3 g4 25. fxg4 hxg4 26. Bxg4 Bxe4 {
Sherbakov,R  ( 2495 ) -Scetinin,A  ( 2350 ) /Ljubljana 1992/TD/1-0  ( 47 )} 
)12... e6 { Covers f5}  ( 12... Nxd5 13. cxd5 Nxd4 14. Bxd4 Bxd4+ 15. Qxd4 $14
)13. Nc3 Qc7 14. Rac1 Rfc8 15. Rfd1 Ne8 16. f4 ( 16. Nxc6 Bxc6 17. Nd5 Bxd5 18.
cxd5 Qd7 $16 )16... Nxd4 ( 16... b6 17. b3 $14 )17. Bxd4 $16 Bc6 18. f5 ( 18.
Nd5 Bxd5 19. cxd5 Qe7 20. Bxg7 Nxg7 21. dxe6 Qxe6 $14 )18... exf5 ( 18... Qa5
19. Bxg7 Kxg7 20. Qd4+ Qe5 21. Qxe5+ dxe5 22. fxe6 fxe6 23. Kf2 $14 )19. exf5
Rd8 ( 19... Bxd4+ 20. Qxd4 Qd8 21. fxg6 hxg6 22. Qf2 $16 )20. fxg6 hxg6 ( 20...
Bxd4+ 21. Qxd4 fxg6 22. b4 $16 )21. Qe3 ( 21. b4 Bxd4+ 22. Qxd4 Qe7 $18 )21...
b6 ( 21... Bxd4 $5 22. Rxd4 Ng7 $16 )22. Nd5 Bxd5 23. cxd5 Qb7 24. Rc6 Bxd4 25.
Qxd4 Ng7 26. Bg4 b5 27. b4 ( 27. Qf6 Ne8 28. Qf2 Ra8 $18 )27... f5 28. Bf3 Ra8
( 28... Qe7 $5 $18)29. Qf6 Qa7+ 30. Kf1 Qf7 ( 30... a5 31. a3 axb4 32. axb4 $18
)31. Rxd6 Rxd6 32. Qxd6 Kh7 33. Rc1 Ra7 ( 33... f4 34. Qb6 Qf5 35. Rd1 $18 )34.
Qb6 ( 34. Rc8 $142 { makes it even easier for White}  34... Re7 35. Qg3 Re8 $18
)34... g5 $2 ( 34... f4 35. Bg4 Re7 $18 )35. Rc6 g4 ( 35... Rb7 { a fruitless
try to alter the course of the game}  36. Rh6+ Kg8 37. Qd8+ Qe8 38. Qxg5 $18
)36. Rh6+ Kg8 37. Qb8+ ( 37. Bd1 $142 { keeps an even firmer grip}  37... Qc7
38. Qxc7 Rxc7 $18 )37... Ne8 38. Bd1 ( 38. Qe5 { and White can already relax} 
38... Ng7 39. Bd1 Qe8 $18 )38... Re7 ( 38... Rc7 39. Re6 Re7 $18 )39. Bb3 Kg7 (
39... Re3 { the last chance for counterplay}  40. Kf2 Kg7 41. Rxa6 f4 $18 )40.
d6 Rb7 41. Qd8 ( 41. Bxf7 { is easily refuted}  41... Rxb8 42. Bxe8 Kxh6 $11
)41... Kxh6 42. Bxf7 Nxd6 43. Qh8+ ( 43. Qf6+ Kh7 44. Qg6+ Kh8 45. Qh6# )43...
Kg5 $18 44. Qg7+ Kf4 45. Qh6+ ( 45. Qh6+ Ke4 46. Qe6+ Kd3 47. Qxd6+ Kc3 48.
Qc6+ Kb2 49. Bb3 Rc7 50. Qxc7 g3 51. Qe5+ Ka3 52. Qc3 gxh2 53. Be6+ Ka4 54.
Qb3# ) 1-0

[Event "Modbury Championship"]
[Site "Modbury"]
[Date "2007.06.08"]
[Round "4.2"]
[White "Maric, Milan"]
[Black "Staak, Eric"]
[Result "0-1"]
[Annotator "Fritz 10"]
[BlackElo "1461"]
[EventCountry "AUS"]
[EventDate "2007.06.02"]
[EventRounds "9"]
[EventType "swiss"]
[PlyCount "90"]
[WhiteElo "1354"]

{ A80: Dutch Defence: Unusual White second moves } 1. d4 f5 2. Nf3 g6 3. Nc3 Nf6
( 3... d5 4. h4 Nf6 5. Bg5 Bg7 6. Qd2 h6 7. Bf4 O-O 8. Bxh6 Nh5 9. Qg5 Rf6 10.
Bxg7 Kxg7 11. e3 Nd7 12. Nxd5 Nf8 13. Nf4 { 1-0 Bronstein,L  ( 2368 )
-Guerrero,A  ( 2181 ) /Buenos Aires 2006/CBM 112 ext}  )4. b3 $146 ( 4. Bf4 Bg7
5. Qd2 O-O 6. Bh6 Nc6 7. Bxg7 Kxg7 8. e3 d6 9. Bc4 Ne4 10. Nxe4 fxe4 11. Ng5 d5
12. Be2 e5 13. Nh3 Bxh3 14. gxh3 Qf6 15. Rf1 exd4 16. exd4 Nxd4 17. O-O-O Qf4
18. Rfe1 Qxd2+ { Fell,S  ( 1039 ) -Darvall,A  ( 1509 ) /Canberra 2001/CBM 080
ext/0-1  ( 38 )}  )( 4. Bg5 d5 ( 4... Ne4 5. Bf4 d6 6. Qd3 Nxc3 7. Qxc3 Bg7 8.
O-O-O Nd7 9. Ng5 Nf8 10. e3 h6 11. Nf3 Bd7 12. Qb3 Rb8 13. Bc4 e6 14. Rhe1 b5
15. Bd3 g5 16. Bg3 b4 17. c4 bxc3 18. Qxc3 Rb6 19. Qd2 {
Stolte,A-Wilm,K/Germany 1991/TD/1/2-1/2  ( 44 )}  )5. Bxf6 exf6 6. g3 ( 6. e3
c6 7. Bd3 { 1/2-1/2 Grathwohl,R  ( 2295 ) -Mueller,O  ( 2345 ) /Germany
1995/GER-chT2}  )6... Be6 7. Bg2 Bd6 8. O-O c6 9. e3 h5 10. Ne2 Nd7 11. b3 Bf7
12. Qd3 Nb6 13. a4 a5 14. Rfc1 O-O 15. c4 dxc4 16. bxc4 Bb4 17. c5 Nd5 18. Nf4
Nxf4 { Epishin,V  ( 2570 ) -De la Riva Aguado,O  ( 2460 ) /Berlin 1997/CBM 059
ext/1/2-1/2  ( 46 )}  )( 4. Bf4 $5 $16)4... Bg7 $11 5. Bb2 O-O 6. e3 c6 {
Controls b5}  7. Bd3 d6 { Consolidates e5}  8. O-O a5 9. a4 ( 9. Ne2 Qe8 $14
)9... Na6 $11 10. Na2 Nc7 11. c4 Qe8 12. Qd2 h6 { Secures g5}  13. Bc3 ( 13.
Rac1 Bd7 $11 )13... b6 14. Nc1 $2 ( 14. Qc2 Bb7 $11 )14... Kh7 ( 14... Ne4 $5
15. Qc2 Nxc3 16. Qxc3 c5 $19 )15. Ne2 ( 15. Qc2 $5 $11 { is worthy of
consideration} )15... Ne4 $17 { Black threatens to win material: Ne4xd2}  16.
Qc2 d5 ( 16... Nxc3 $142 17. Nxc3 e5 18. dxe5 dxe5 $17 )17. Ne5 e6 18. Rac1
Bxe5 19. dxe5 Nxc3 20. Qxc3 c5 21. f4 Bb7 22. Rcd1 Qc6 23. Rf2 Rad8 24. Rd2 Rf7
25. Nc1 ( 25. Ng3 Qe8 $11 )25... h5 ( 25... Rfd7 $5 { is an interesting idea} 
26. Bc2 Na6 $15 )26. Be2 Qe8 27. Bf3 Rfd7 28. Qc2 Qe7 29. Na2 Ba8 30. Rf1 ( 30.
Nc3 $5 $14)30... dxc4 $11 31. Rxd7 { White pins: Rd7xe7}  31... Rxd7 32. bxc4 (
32. Bxa8 cxb3 33. Qxb3 Nxa8 34. Nc1 $15 )32... Bxf3 $14 33. gxf3 ( 33. Rxf3 Qd8
34. Qb3 $17 )33... Qd8 $17 34. Rf2 Rd1+ ( 34... Na6 $5 $17 $142)35. Kg2 $11 Qd3
( 35... g5 $142 36. Nc3 Rd3 $11 )36. Qb2 $4 { gives the opponent new chances} 
( 36. Nc3 Qxc2 37. Rxc2 Re1 $14 )36... Rb1 $4 { Black threatens to win
material: Rb1xb2. Black has let it slip away}  ( 36... Qxe3 $142 { and the
scales tip in favour of Black}  37. Nc3 Rd7 $19 )37. Qd2 { White threatens to
win material: Qd2xd3}  ( 37. Nc1 Rxb2 38. Nxd3 Rb3 $14 )37... Rd1 { Black
threatens to win material: Rd1xd2}  38. Qb2 Qxe3 39. Qxb6 $2 ( 39. Nc3 Rd7 40.
Ne2 $19 )39... h4 ( 39... Ne8 $142 { seems even better}  40. Nc3 Qxc3 41. Qxc5
Qc1 $19 )40. Qb2 $4 { spoils everything}  ( 40. Qxc7+ $142 { White has a
promising position}  40... Kh6 41. Qb8 $14 ( 41. Qxa5 { must be avoided because
of the following mating combination}  41... h3+ 42. Kxh3 Qxf2 43. Qa8 Rd8 44.
Nc1 Rxa8 45. Ne2 Qxf3+ 46. Ng3 Rxa4 47. Kh4 Qg4# ))40... Qxf4 $19 41. Qe2 Rd4 (
41... h3+ 42. Kxh3 Qh6+ 43. Kg2 Qg5+ 44. Kh3 Rd4 45. f4 Rd3+ 46. Qxd3 Qg4# )42.
Qb2 ( 42. Kh1 { is not the saving move}  42... Rxc4 43. Qb2 Rd4 $19 )42... Qxe5
( 42... h3+ 43. Kf1 Rd1+ 44. Ke2 Rg1 $19 )43. Re2 ( 43. Nc1 { is no salvation} 
43... Qe3 44. Qc2 Na6 $19 )43... Qf4 ( 43... h3+ 44. Kg1 Rd1+ 45. Kf2 Qxh2+ 46.
Ke3 Qg1+ 47. Rf2 e5 48. Qd2 Rxd2 49. Kxd2 Qxf2+ 50. Kc3 Qxf3+ 51. Kc2 Qf2+ 52.
Kd3 h2 53. Nc1 e4+ 54. Kc3 h1=Q 55. Ne2 Qxe2 56. Kb3 Qhf3# )44. Qb6 ( 44. Qb3
$19 { no good, but what else?} )44... h3+ $1 { Mate attack}  45. Kf1 ( 45. Kxh3
Qxf3# { Mate attack}  )( 45. -- -- { Mate attack}  )45... Qxf3+ ( 45... Qxf3+
46. Ke1 Qh1+ 47. Kf2 Qg2+ 48. Ke1 Qg1# )( 45... Rd1+ 46. Kf2 Qh4+ 47. Ke3 Qd4#
) 0-1

[Event "Modbury Championship"]
[Site "Modbury"]
[Date "2007.06.08"]
[Round "4.3"]
[White "McPherson, Erick"]
[Black "Chilman, Alan"]
[Result "0-1"]
[Annotator "Fritz 10"]
[BlackElo "1792"]
[EventCountry "AUS"]
[EventDate "2007.06.02"]
[EventRounds "9"]
[EventType "swiss"]
[PlyCount "76"]
[WhiteElo "1397"]

{ A09: Réti Opening: 1 Nf3 d5 2 c4 } 1. Nf3 d5 2. g3 c5 3. Bg2 Nc6 4. O-O e5 5.
c4 d4 6. d3 Bd6 { White has a cramped position}  7. Ne1 $146 ( 7. Na3 Nge7 (
7... Nf6 8. Nc2 O-O 9. b4 cxb4 10. a3 bxa3 11. Bxa3 Re8 12. Bxd6 Qxd6 13. Na3
Bf5 14. Qc2 Qd7 15. Nd2 Bh3 16. Rfb1 Bxg2 17. Kxg2 Rab8 18. Rb5 h5 19. Rab1 h4
20. f3 b6 21. Qa2 Rbc8 22. Nc2 { Bock,J  ( 2245 ) -Seres,L  ( 2444 ) /Budapest
2000/CBM 078 ext/0-1  ( 31 )}  )8. Nc2 O-O 9. a3 ( 9. Rb1 Bg4 10. a3 a5 11. b3
f5 12. Bd2 b6 13. b4 axb4 14. axb4 Ra2 15. bxc5 Bxc5 16. Ng5 Qd7 17. f3 Bh5 18.
f4 e4 19. dxe4 d3+ { 0-1 Cubok,R-Reznicek,M  ( 2093 ) /Karvina 2005/CBM 107
ext}  )9... a5 10. Rb1 ( 10. b3 h6 11. Bd2 f5 12. Rb1 Ng6 13. b4 e4 14. Nfe1
Qe7 15. e3 axb4 16. axb4 dxe3 17. Nxe3 Nxb4 18. Bxb4 cxb4 19. Nd5 Qd8 20. dxe4
f4 21. Nd3 Ra3 22. Re1 Qg5 23. Rb3 Bg4 24. Qc2 fxg3 { Hickl,J  ( 2580 )
-Loeffler,S  ( 2415 ) /Germany 1996/GER-chT/1-0  ( 74 )}  )10... a4 11. b4 axb3
12. Rxb3 f5 13. e3 Na5 14. Rb1 dxe3 15. Nxe3 f4 16. Nd5 Nxd5 17. cxd5 c4 18.
Re1 fxg3 19. fxg3 cxd3 20. Nxe5 Bxe5 21. Rxe5 Nc4 { Valent,I  ( 2200 )
-Adamko,P  ( 2130 ) /Slovakia 1994/TD/1/2-1/2  ( 48 )}  )( 7. Qa4 Bd7 $11 )7...
Qc7 8. f4 ( 8. Bg5 Nf6 $15 )8... exf4 9. Bxf4 Nge7 { Black has an active
position}  10. Nd2 b6 ( 10... Bxf4 11. Rxf4 h5 12. Ne4 $17 )11. Ne4 ( 11. Nc2
$5 $11 { is noteworthy} )11... Bxf4 $17 12. Rxf4 Rb8 ( 12... f5 13. Ng5 $17
)13. Qd2 Ne5 14. Rf2 ( 14. e3 dxe3 15. Qxe3 O-O $15 )14... N7g6 ( 14... f5 15.
Ng5 Ng4 16. Rf3 $17 )15. h3 { Prevents intrusion on g4}  ( 15. Nc2 Bb7 $15
)15... h6 16. e3 f5 17. exd4 cxd4 18. Nc2 ( 18. Qe2 fxe4 19. Bxe4 Kd8 $19
)18... fxe4 ( 18... O-O $142 19. Nxd4 fxe4 20. Rxf8+ Nxf8 21. dxe4 Bxh3 22.
Bxh3 Rd8 $19 )19. Nxd4 $15 Nf3+ { Decoy: f3}  ( 19... Nxd3 20. Bxe4 Nxf2 21.
Bxg6+ Ke7 22. Qxf2 $18 ( 22. Kxf2 $6 Rd8 23. Re1+ Kf8 $11 ))20. Nxf3 ( 20. Nxf3
Ne5 { Double attack}  ( 20... Qxg3 { Discovered attack} )( 20... Ne5 { Decoy}
)( 20... exf3 { Passed pawn} ))( 20. Bxf3 Ne5 { Double attack}  ( 20... Qxg3+ {
Discovered attack} )( 20... Qxg3+ { Deflection} )( 20... Ne5 { Decoy} )( 20...
exf3 { Passed pawn} ))20... exf3 21. Qe3+ { White forks: f3+e8}  ( 21. Rxf3
$142 Bb7 22. Re1+ Kd8 23. Rfe3 $14 )21... Kd8 $15 { Black loses the right to
castle}  22. Rxf3 ( 22. Bxf3 $2 Qxg3+ 23. Rg2 Qd6 $19 )22... Re8 { Black
threatens to win material: Re8xe3}  23. Qf2 Qc5 ( 23... Bb7 $142 24. Rf7 Re7
25. Rxe7 Qxe7 $15 )24. Qxc5 $4 ( 24. d4 $142 { is the best chance}  24... Qxc4
25. Rc3 $11 )24... bxc5 $19 25. b3 Bb7 26. Rf5 Bxg2 ( 26... Re3 27. Kf2 Rxd3
28. Bxb7 Rxb7 29. Rxc5 $19 )27. Kxg2 Ne5 28. Rd1 Nd7 29. d4 cxd4 ( 29... Re2+
30. Kf1 Rxa2 31. dxc5 $19 )30. Rxd4 $17 Re7 31. Rf8+ ( 31. Ra5 Rb7 $19 )31...
Kc7 $19 32. Rxb8 Nxb8 33. Kf2 Nc6 34. Rd2 Kb6 35. a3 Ne5 36. Ke3 $4 { the
position was bad, and this mistake simply hastens the end}  ( 36. Rd5 $19
$142)36... Nxc4+ 37. Kd3 Nxd2 38. Kxd2 Kc5  0-1